000
00303nam a22001217a 4500
082
_a
910 FIN'E
100
_a
FINCH, VEROR C,TREWARTHA, GLENN T
_9
57615
245
_a
ELEMENTS OF GEOGRAPHY PHYSICAL AND CULTURAL
250
_a
2ND
260
_a
NEWYORK
_b
MCGRAW HILL
_c
1942
300
_a
823P
942
_c
BK
999
_c
567882
_d
567882